00993nabaa22002057a 4500999001500000003000400015005001700019008004100036040000700077100003000084245010600114300001300220505024700233505008900480650003200569650003200601650002100633773012000654942001300774 c6127d6127OSt20260122215413.0190701b xxu||||| |||| 00| 0 spa d cPJ 95411aMuratorio, Jorge I.13aEl interés público en la garantía de la ecuación contractual pública /cJorge I. Muratorio. ap. 20-41 aSumario: I. Introducción.— II. ¿Qué matices o novedades se han planteado, en las últimas dos décadas aproximadamente, sobre estos conceptos?— III. ¿Cuáles son las posturas que existen sobre el tema?—IV. Conclusiones y dudas. t¿Te interesa el texto completo? Comunicate al correo: koha@justierradelfuego.gov.ar 09211aDERECHO ADMINISTRATIVO 09877aADMINISTRACION PUBLICA 093463aCONTRATOS 0 0284293251dBuenos Aires : AbeledoPerrot, 2012-oDA121tDerecho administrativo. Nº 148 julio/agosto 2023z18510590 2udccANA